000 00670nam a2200229 a 4500
001 1141
003 BD-JhCC
005 20241212104750.0
008 171015s2017 bg |||| ||a| 000 0 ben d
020 _a9848682104
035 _a(BD-JhCC) 1141
040 _aBD-JhCC
_dBD-JhCC
041 _aben
082 _a891.443
_bAHM 2017
100 _aআহমেদ, হুমায়ূন
245 _aএকজন মায়াবতী /
_cহুমায়ূন আহমেদ
260 _aঢাকা:
_bঅন্যপ্রকাশ,
_c2017
300 _a127 p.:
_c22 cm.
650 _aBengali Novel
942 _2ddc
_cBK
_029
999 _c1141
_d1141